Welcome to Marium Abdulla Library

Embrace knowledge with a breath of fresh air.

Browse Collection

Marium Abdulla Library

Hideaways: (Record no. 14663)

MARC details
000 -LEADER
fixed length control field 00543nam a22001817a 4500
001 - CONTROL NUMBER
control field 21011
003 - CONTROL NUMBER IDENTIFIER
control field IVS
005 - DATE AND TIME OF LATEST TRANSACTION
control field 20250626031030.0
008 - FIXED-LENGTH DATA ELEMENTS--GENERAL INFORMATION
fixed length control field 230111b |||||||| |||| 00| 0 eng d
020 ## - INTERNATIONAL STANDARD BOOK NUMBER
International Standard Book Number 3934170293
040 ## - CATALOGING SOURCE
Transcribing agency IVS
082 ## - DEWEY DECIMAL CLASSIFICATION NUMBER
Edition information 23
Classification number 728.5
Item number 21011
245 ## - TITLE STATEMENT
Title Hideaways:
Remainder of title Die schönsten Hotels und Destinationen der Welt. The World's most beautiful Hotels and Destinations
260 ## - PUBLICATION, DISTRIBUTION, ETC.
Place of publication, distribution, etc. Bielefeld:
Name of publisher, distributor, etc. Klocke Verlag GmbH,
Date of publication, distribution, etc. 2004.
300 ## - PHYSICAL DESCRIPTION
Extent 239 p.
Other physical details illustrations.
650 ## - SUBJECT ADDED ENTRY--TOPICAL TERM
Topical term or geographic name entry element Hotels and Destinations
942 ## - ADDED ENTRY ELEMENTS (KOHA)
Source of classification or shelving scheme Dewey Decimal Classification
Koha item type Book
Suppress in OPAC No
Holdings
Date last seen Total checkouts Full call number Barcode Price effective from Koha item type Lost status Source of classification or shelving scheme Damaged status Not for loan Collection Withdrawn status Home library Current library Shelving location Date acquired Source of acquisition Cost, normal purchase price
01/11/2023   728.5 HID 21011 01/11/2023 Book   Dewey Decimal Classification     Interior Design   Marium Abdulla Library Marium Abdulla Library Non-Ref 01/11/2023 Donated by Anonymous 2500.00